La géographie littorale, (Record no. 25866)

MARC details
000 -LEADER
fixed length control field 00700cam a22002171 4500
001 - CONTROL NUMBER
control field gs 18000318
003 - CONTROL NUMBER IDENTIFIER
control field DLC
005 - DATE AND TIME OF LATEST TRANSACTION
control field 20260227111322.0
008 - FIXED-LENGTH DATA ELEMENTS--GENERAL INFORMATION
fixed length control field 820127s1895 fr ab 000 0 fre c
010 ## - LIBRARY OF CONGRESS CONTROL NUMBER
LC control number gs 18000318
035 ## - SYSTEM CONTROL NUMBER
System control number (OCoLC)8099027
040 ## - CATALOGING SOURCE
Original cataloging agency Library, U.S. Geological Survey
Transcribing agency CU-S
Modifying agency OCoLC
-- DLC
042 ## - AUTHENTICATION CODE
Authentication code premarc
050 00 - LIBRARY OF CONGRESS CALL NUMBER
Classification number GB451
Item number .G5
100 1# - MAIN ENTRY--PERSONAL NAME
Personal name Girard, Jules,
Dates associated with a name 1825-1902.
245 13 - TITLE STATEMENT
Title La géographie littorale,
Statement of responsibility, etc. par Jules Girard ...
260 ## - PUBLICATION, DISTRIBUTION, ETC.
Place of publication, distribution, etc. Paris,
Name of publisher, distributor, etc. Société d' éditions scientifiques,
Date of publication, distribution, etc. 1895.
300 ## - PHYSICAL DESCRIPTION
Extent 2 l., 231 p.
Other physical details illus. (incl. maps)
Dimensions 26 cm.
500 ## - GENERAL NOTE
General note At head of title: Bibliothéque générale de géographie.
650 #0 - SUBJECT ADDED ENTRY--TOPICAL TERM
Topical term or geographic name entry element Physical geography.

No items available.

Powered by Koha